Southville International School and Colleges
Your cart is empty.
  • Cart
  • Lists
    Public lists list_1 View all
    Your lists Log in to create your own lists
  • Log in to your account
  • Your cookies
  • Search history
Southville International School and Colleges
  • Advanced search
  • Recent comments
  • Most popular
  • Libraries

Log in to your account

Log in with GOOGLE


If you do not have an external account, but do have a local account, you can still log in:

  1. Home
  2. MARC view: Public faces, private lives
Normal view MARC view ISBD view

Public faces, private lives (Record no. 17111)

[ view plain ]
MARC details
000 -LEADER
fixed length control field 01010cam a2200337 a 4500
001 - CONTROL NUMBER
control field 12015976
003 - CONTROL NUMBER IDENTIFIER
control field OSt
005 - DATE AND TIME OF LATEST TRANSACTION
control field 20140310182902.0
008 - FIXED-LENGTH DATA ELEMENTS--GENERAL INFORMATION
fixed length control field 000325s2000 ph a 000 0ceng
010 ## - LIBRARY OF CONGRESS CONTROL NUMBER
LC control number 00280539
020 ## - INTERNATIONAL STANDARD BOOK NUMBER
International Standard Book Number 9712708519
035 ## - SYSTEM CONTROL NUMBER
System control number (DLC) 00280539
037 ## - SOURCE OF ACQUISITION
Source of stock number/acquisition Library of Congress -- Jakarta Overseas Office
Terms of availability P295.00
040 ## - CATALOGING SOURCE
Original cataloging agency DLC
Transcribing agency DLC
042 ## - AUTHENTICATION CODE
Authentication code lcode
043 ## - GEOGRAPHIC AREA CODE
Geographic area code a-ph---
050 00 - LIBRARY OF CONGRESS CALL NUMBER
Classification number CT 1796
Item number .T597 2000
082 ## - DEWEY DECIMAL CLASSIFICATION NUMBER
Classification number FIL 920.0599
Item number T597 2000
100 1# - MAIN ENTRY--PERSONAL NAME
Personal name Kalaw-Tirol, Lorna.
245 10 - TITLE STATEMENT
Title Public faces, private lives
Statement of responsibility, etc Tirol, Lorna Kalaw
260 ## - PUBLICATION, DISTRIBUTION, ETC. (IMPRINT)
Place of publication, distribution, etc Pasig City, Philippines
Name of publisher, distributor, etc Published and exclusively distributed by Anvil Pub.
Date of publication, distribution, etc c2000
300 ## - PHYSICAL DESCRIPTION
Extent xv, 305 p.
Other physical details ill.
Dimensions 23 cm.
521 ## - TARGET AUDIENCE NOTE
Target audience note
526 ## - STUDY PROGRAM INFORMATION NOTE
Reading level 1210L-1700L
541 ## - IMMEDIATE SOURCE OF ACQUISITION NOTE
-- 1
562 ## - COPY AND VERSION IDENTIFICATION NOTE
Number of copies 1
651 #0 - SUBJECT ADDED ENTRY--GEOGRAPHIC NAME
Geographic name Philippines
Form subdivision Biography.
906 ## - LOCAL DATA ELEMENT F, LDF (RLIN)
a 7
b cbc
c origode
d 3
e ncip
f 20
g y-gencatlg
942 ## - ADDED ENTRY ELEMENTS (KOHA)
Source of classification or shelving scheme Library of Congress Classification
Koha item type Books
Call number prefix Filipininana
Holdings
Withdrawn status Lost status Source of classification or shelving scheme Damaged status Home library Current library Shelving location Date acquired Source of acquisition Total Checkouts Full call number Barcode Date last seen Copy number Price effective from Koha item type
    Library of Congress Classification   College Library College Library Filipiniana Section 11/06/2012 Donation   CT 1796 .T597 2000 C15983 10/08/2018 1 11/06/2012 Books

Public faces, private lives

APA

Kalaw-Tirol L., . (2000). Public faces, private lives. Pasig City, Philippines: Published and exclusively distributed by Anvil Pub.

Chicago

Kalaw-Tirol Lorna, . 2000. Public faces, private lives. Pasig City, Philippines: Published and exclusively distributed by Anvil Pub.

Harvard

Kalaw-Tirol L., . (2000). Public faces, private lives. Pasig City, Philippines: Published and exclusively distributed by Anvil Pub.

MLA

Kalaw-Tirol Lorna, . Public faces, private lives. Pasig City, Philippines: Published and exclusively distributed by Anvil Pub. 2000.

  • Place hold
  • Print
  • Cite
  • Add to your cart (remove)
  • Save record
    BIBTEX Dublin Core MARCXML MARC (non-Unicode/MARC-8) MARC (Unicode/UTF-8) MARC (Unicode/UTF-8, Standard) MODS (XML) RIS
  • More searches
    Search for this title in:
    Other Libraries (WorldCat) Other Databases (Google Scholar) Online Stores (Bookfinder.com) Open Library (openlibrary.org)

Exporting to Dublin Core...

SOUTHVILLE LIBRARY

Southville International School and Colleges Library

1281 Tropical Ave. Cor. Luxembourg St., BF Homes International, Las Pinas City

Tel. No. 8256374 / 252358 Loc. 117/146

Powered by Koha